Bersatu menentang musuh

Bibliographic Details
Main Author: Hazli Mat Saad
Corporate Author: Title
Format: Book
Published: Selangor : Nikaz publications , 2006
Series:Salam dari rimba
Subjects:

MARC

LEADER 00000cam a2200000 7i4500
001 0000003524
005 20220105103947.0
008 070719
020 |a 9831881451 
090 0 0 |a JP   |b ANM MAL (3787) 
100 0 |a Hazli Mat Saad 
245 0 0 |a Bersatu menentang musuh   |c Hazli Mat Saad 
260 |a Selangor :   |b Nikaz publications ,   |c 2006 
440 0 |a Salam dari rimba 
500 |a Children age 4-6 years old (yellow) 
650 0 |a Animal 
650 0 |a Malay language   |x Readers   |x Fiction 
710 0 |a Title 
999 |a 0000969318   |b Book   |c Children Collection   |e Cawangan Kota Tinggi 
999 |a 0000969319   |b Book   |c Children Collection   |e Cawangan Tmn. Ungku Tun Aminah 
999 |a 0000969320   |b Book   |c Children Collection   |e Perbadanan Perpustakaan Awam Johor 
999 |a 0000969321   |b Book   |c Children Collection   |e Cawangan Tmn. Ungku Tun Aminah 
999 |a 0000969322   |b Book   |c Children Collection   |e Perbadanan Perpustakaan Awam Johor 
999 |a 0000975868   |b Book   |c Children Collection   |e Cawangan Pontian 
999 |a 0000975869   |b Book   |c Children Collection   |e Cawangan Bukit Gambir 
999 |a 0001143705   |b Book   |c Children Collection   |e Cawangan Bandar Penawar 
999 |a 0001143710   |b Book   |c Children Collection   |e Cawangan Pontian